Valtiot, joilla on sama nimi suomeksi ja viroksi - Statistics

Yleistilastot
  • Tätä visaa on pelattu 46 kertaa
  • Keskiarvotulos 37 / 81
Vastaustilastot
Maanosa Valtio % Oikein
Eurooppa Serbia
69%
Pohjois-Amerikka Kanada
66%
Oseania Nauru
66%
Eurooppa San Marino
66%
Pohjois-Amerikka Haiti
63%
Eurooppa Kosovo
63%
Pohjois-Amerikka Kuuba
63%
Eurooppa Belgia
60%
Eurooppa Monaco
60%
Eurooppa Andorra
57%
Pohjois-Amerikka Costa Rica
57%
Eurooppa Liechtenstein
57%
Afrikka Madagaskar
57%
Eurooppa Malta
57%
Oseania Tuvalu
57%
Oseania Vanuatu
57%
Afrikka Benin
54%
Aasia Laos
54%
Pohjois-Amerikka Saint Lucia
54%
Aasia Vietnam
54%
Pohjois-Amerikka Bahama
51%
Pohjois-Amerikka El Salvador
51%
Afrikka Ghana
51%
Pohjois-Amerikka Honduras
51%
Oseania Palau
51%
Pohjois-Amerikka Panama
51%
Etelä-Amerikka Paraguay
51%
Pohjois-Amerikka Saint Kitts ja Nevis
51%
Afrikka Togo
51%
Oseania Tonga
51%
Etelä-Amerikka Uruguay
51%
Pohjois-Amerikka Barbados
49%
Pohjois-Amerikka Dominica
49%
Oseania Kiribati
49%
Afrikka Mali
49%
Afrikka Niger
49%
Afrikka Senegal
49%
Afrikka Angola
46%
Pohjois-Amerikka Antigua ja Barbuda
46%
Pohjois-Amerikka Belize
46%
Oseania Fidži
46%
Pohjois-Amerikka Guatemala
46%
Eurooppa Montenegro
46%
Pohjois-Amerikka Nicaragua
46%
Afrikka Sambia
46%
Oseania Samoa
46%
Pohjois-Amerikka Trinidad ja Tobago
46%
Afrikka Burundi
43%
Afrikka Eritrea
43%
Afrikka Gambia
43%
Pohjois-Amerikka Grenada
43%
Afrikka Guinea
43%
Etelä-Amerikka Guyana
43%
Afrikka Kamerun
43%
Eurooppa Moldova
43%
Afrikka Botswana
40%
Afrikka Burkina Faso
40%
Afrikka Malawi
40%
Afrikka Sierra Leone
40%
Etelä-Amerikka Suriname
40%
Eurooppa Ukraina
40%
Afrikka Djibouti
37%
Etelä-Amerikka Ecuador
37%
Aasia Pakistan
37%
Aasia Taiwan
37%
Afrikka Uganda
37%
Afrikka Zimbabwe
37%
Afrikka Gabon
34%
Afrikka Mauritius
34%
Aasia Turkmenistan
34%
Etelä-Amerikka Venezuela
34%
Aasia Afganistan
31%
Afrikka Guinea-Bissau
31%
Afrikka Lesotho
31%
Afrikka São Tomé ja Príncipe
29%
Aasia Bangladesh
26%
Aasia Bhutan
26%
Aasia Brunei
20%
Aasia Kambodža
20%
Aasia Tadžikistan
20%
Aasia Sri Lanka
17%
Ehtoja vastaavia visoja ei löytynyt
Tulosjakauma
Jokaisen tuloksen saaneiden osuus
Persentiili vastausten määrän mukaan
Tuloshistoriasi
Et ole pelannut tätä visaa